| 000 | 00480nam a2200193 a 4500 | ||
|---|---|---|---|
| 001 | BRCA_7160 | ||
| 005 | 20190320205731.0 | ||
| 008 | 110112s1923----gw-#######---#000-0#ger-# | ||
| 041 | _ager | ||
| 044 | _agw | ||
| 050 | 4 |
_aPT2617 .E22 _bT63 1923 |
|
| 245 | 1 | 0 |
_aTobias Heider _cvon Jakob Christoph Heer. |
| 260 |
_aStuttgart, Alemania _bJ. G. Cotta _c1923 |
||
| 300 |
_a386 p. _c19 cm. |
||
| 500 | _aP48 | ||
| 650 | 1 | 4 |
_aLiteratura suiza _914922 |
| 902 | _aGFM | ||
| 942 |
_2lcc _cB |
||
| 999 |
_c6841 _d6841 |
||